مكتبة جامعة عجلون الوطنية

فهرس بحث المكتبة

فاعلية استراتيجيات التعلم المتمايز في تحسين الفهم القرائي لدى الطلبة ذوي صعوبات التعلم = The Effectiveness of Differentiated Learning Strategies in Enhancing Reading Comprehension Among Students with Learning Disabilities / (Record no. 34018)

MARC details
000 -LEADER
fixed length control field 01243nam a22002057a 4500
003 - CONTROL NUMBER IDENTIFIER
control field JO-AjAnu
005 - DATE AND TIME OF LATEST TRANSACTION
control field 20250929133039.0
008 - FIXED-LENGTH DATA ELEMENTS--GENERAL INFORMATION
fixed length control field 250929b jo ||||| |||| 00| 0 ara d
040 ## - CATALOGING SOURCE
Original cataloging agency JO-AjAnu
Language of cataloging ara
Transcribing agency JO-AjAnu
Modifying agency JO-AjAnu
Description conventions rda
041 #0 - LANGUAGE CODE
Language code of text/sound track or separate title ara
Language code of original ara
050 ## - LIBRARY OF CONGRESS CALL NUMBER
Classification number LC4704.87
Item number 2025
100 #1 - MAIN ENTRY--PERSONAL NAME
Personal name عقرباوي، قصي منهل تركي
Relator term معد
9 (RLIN) 66712
245 #0 - TITLE STATEMENT
Title فاعلية استراتيجيات التعلم المتمايز في تحسين الفهم القرائي لدى الطلبة ذوي صعوبات التعلم = The Effectiveness of Differentiated Learning Strategies in Enhancing Reading Comprehension Among Students with Learning Disabilities /
Statement of responsibility, etc. اعداد قصي منهل تركي عقرباوي ؛ اشراف ريم عبدالله الكناني
260 ## - PUBLICATION, DISTRIBUTION, ETC.
Date of publication, distribution, etc. 2025
300 ## - PHYSICAL DESCRIPTION
Extent 142 ورقة
504 ## - BIBLIOGRAPHY, ETC. NOTE
Bibliography, etc. note رسالة جامعية( رسالة ماجستير في صعوبات التعلم) - جامعة عجلون الوطنية (عجلون، الاردن)- كلية العلوم التربوية، قسم التربية الخاصة، 2025.
650 70 - SUBJECT ADDED ENTRY--TOPICAL TERM
Topical term or geographic name entry element صعوبات التعلم- صعوبات القراءة.
9 (RLIN) 66713
700 #1 - ADDED ENTRY--PERSONAL NAME
Personal name الكناني، ريم عبدالله
9 (RLIN) 64923
Relator term مشرف
942 ## - ADDED ENTRY ELEMENTS (KOHA)
Source of classification or shelving scheme Library of Congress Classification
Koha item type Thesis
Suppress in OPAC No
Holdings
Withdrawn status Lost status Source of classification or shelving scheme Damaged status Not for loan Home library Current library Date acquired Total Checkouts Full call number Barcode Date last seen Price effective from Koha item type
    Library of Congress Classification     مكتبة جامعة عجلون الوطنية مكتبة جامعة عجلون الوطنية 29/09/2025   LC4704.87 2025 a30325 29/09/2025 29/09/2025 Thesis
    Library of Congress Classification     مكتبة جامعة عجلون الوطنية مكتبة جامعة عجلون الوطنية 29/09/2025   LC4704.87 2025 a30326 29/09/2025 29/09/2025 Thesis